Statistics for Kill Bill Trivia

Click here to take the quiz!

General Stats

  • This quiz has been taken 342 times
    (339 since last reset)
  • The average score is 17 of 46

Answer Stats

HintAnswer% Correct
Who did she work for?Bill
96%
What is her codename?Black Mamba
89%
How is he killed?Black Mamba
89%
Who is seeking revenge?The Bride
85%
What is her real name?Beatrix Kiddo
71%
Who made their swords?Hattori Hanzo
60%
How many were really killed?Eight
57%
Who witnesses the death of #2?Nikki
57%
What event is taking place at the time?Wedding Rehearsal
54%
Who does the Bride find in Bill's home?Her Daughter
53%
How is he related to Bill?He's His Brother
51%
What was #1's codename?Cottonmouth
50%
Who was #1 on the list?O-ren Ishii
50%
Who trained all of the above?Pai-Mei
47%
Who was #3 on the list?Budd
46%
What has #3 supposedly pawned?His Hanzo Sword
46%
What is the name of #1's gang?The Crazy 88
46%
How many are killed at the massacre?Nine
43%
Who was #4 on the list?Elle Driver
41%
Who is #1's personal body guard?Gogo Yubari
41%
What was #2's codename?Copperhead
39%
What was his codename?The Snake Charmer
39%
Who was #2 on the list?Vernita Green
39%
Who does the waiter supposedly look like?Charlie Brown
38%
What was #4's codename?California Mountain Snake
30%
When assembled, what are all of the above?The Deadly Viper Assassination Squad
30%
How is #4 defeated?The Bride Snatches Out Her Eye
26%
Which boss does #1 behead?Boss Tanaka
23%
Whose sword does The Bride fight with?Budd's
22%
What was #3's codename?Sidewinder
22%
What does #3 shoot The Bride with?Rock Salt
20%
What is the name of the pianist?Rufus
17%
What does Bill shoot The Bride with?Truth Serum
17%
Whose sword does #4 fight with?The Bride's
16%
Who assisted them in the massacre?Sofie Fatale
15%
What is her weapon of choice?Ball and Chain
14%
Who is Bill's "father figure"/mentor?Esteban Vihaio
14%
What is the name of the grave she is buried in?Paula Schultz
14%
What is the name of the groom?Tommy Plympton
14%
What drink does he make for #4?Frozen Margarita
12%
Who is the head of the gang?Johnny Mo
12%
What cereal contained the gun?Kaboom!
12%
How did #4 kill Pai-Mei?Poisoned Fish Heads
12%
Where does the showdown take place?The House of Blue Leaves
12%
What is the name of the Sheriff called to the scene?Earl McGraw
8%
How does the Bride kill Bill?The Five-Point Palm Exploding Heart Technique
1%

Score Distribution

Percentile by Number Answered

Percent of People with Each Score

Your Score History

You have not taken this quiz since the last reset